Evénements du 15 juin - Statistiques

Statistiques générales
  • Ce quiz a été pris 31 fois
  • Le résultat moyen est 8 sur 15
Statistiques - réponses
Hint Réponse % Correct
1er concert de SOS Racisme 1985
96%
Georges Pompidou est élu président de la République 1969
93%
Naissance de Guy Bedos 1934
75%
Fondation de l'U.E.F.A 1954
68%
Naissance de Youri Andropov 1914
64%
Naissance du Prince noir fils d'Edouard III 1330
54%
Ouverte du 1er hypermarché français à Sainte-Geneviève-des-Bois 1963
50%
Naissance du dessinateur Hugo Pratt 1927
46%
Guillaume II devient empereur en Allemagne 1888
43%
Naissance du peintre Nicolas Poussin 1594
39%
Victoire de Meung-sur-Loire 1429
36%
Benjamin Franklin invente le paratonnerre 1752
36%
Création en France des bataillons de volontaires 1791
36%
Naissance du compositeur Edvard Grieg 1843
29%
Naissance de Roland Dorgelès 1885
18%
Aucun quiz correspondant
Distribution des résultats
% des personnes avec chaque résultat
Percentile par nombre de réponses
Votre historique - résultats
Vous n’avez pas pris ce quiz